Позвоночно-спинномозговая травма у детей (Запись № 11035388)

Подробности
000 -МАРКЕР
контрольное поле 01878nam0a2200361 4500
001 - ИДЕНТИФИКАТОР ЗАПИСИ
контрольное поле RU\NLR\BIBL_A\011313745
005 - ИДЕНТИФИКАТОР ВЕРСИИ
контрольное поле 20250626042243.0
010 ## - МЕЖДУНАРОДНЫЙ СТАНДАРТНЫЙ НОМЕР КНИГИ (ISBN)
Номер (ISBN) 978-5-906042-09-5
Тираж 1000
021 ## - НОМЕР ГОСУДАРСТВЕННОЙ РЕГИСТРАЦИИ
Код страны Российская Федерация
Номер 2016-99888
Номер Листа государственной регистраци 6648
035 ## - ДРУГИЕ СИСТЕМНЫЕ НОМЕРА
Идентификатор записи (NLR Aleph) 011313745
100 ## - ДАННЫЕ ОБЩЕЙ ОБРАБОТКИ
Данные общей обработки 20170123d2016 |||y0rusy50 ca
101 0# - ЯЗЫК РЕСУРСА
Язык текста, звукозаписи и т.д. русский
102 ## - СТРАНА ПУБЛИКАЦИИ ИЛИ ПРОИЗВОДСТВА
Страна публикации Российская Федерация
105 ## - ПОЛЕ КОДИРОВАННЫХ ДАННЫХ: ТЕКСТОВЫЕ МАТЕРИАЛЫ, МОНОГРАФИЧЕСКИЕ
Кодированные данные о монографическом текстовом документе a|||z|||000zy
200 1# - ЗАГЛАВИЕ И СВЕДЕНИЯ ОБ ОТВЕТСТВЕННОСТИ
Основное заглавие Позвоночно-спинномозговая травма у детей
Сведения, относящиеся к заглавию [монография]
Первые сведения об ответственности Баиндурашвили А.Г., Виссарионов С.В., Александрович Ю.С., Пшениснов К.В.
Последующие сведения об ответственности Дет. ортопед. ин-т им. Г.И. Турнера
210 ## - ПУБЛИКАЦИЯ, РАСПРОСТРАНЕНИЕ И ДР.
Место издания, распространения и т.д. Санкт-Петербург
Имя издателя, распространителя и т. д. Онли-Пресс
Дата издания, распространения и т.д. 2016
215 ## - ФИЗИЧЕСКАЯ ХАРАКТЕРИСТИКА
Специфическое обозначение материала и объем 87 с.
Другие сведения о физической характеристике ил., цв. ил.
Размеры 22
300 ## - ОБЩИЕ ПРИМЕЧАНИЯ
Текст примечания На 87-й с. авт.: д.м.н., проф., акад. Баиндурашвили А.Г., д.м.н., проф. Виссарионов С.В., д.м.н., проф. Александрович Ю.С., к.м.н., доц. Пшениснов К.В.
320 ## - ПРИМЕЧАНИЯ О НАЛИЧИИ В ДОКУМЕНТЕ БИБЛИОГРАФИИ / УКАЗАТЕЛЯ
Текст примечания Библиогр.: с. 89-86 (136 назв.)
606 1# - НАИМЕНОВАНИЕ ТЕМЫ КАК ПРЕДМЕТ
Наименование темы Спинной мозг детей
Тематический подзаголовок Травмы
Системный номер авторитетной/нормативной записи 2304228
Идентификатор авторитетной/нормативной записи RU\NLR\AUTH\661379378
606 1# - НАИМЕНОВАНИЕ ТЕМЫ КАК ПРЕДМЕТ
Наименование темы Позвоночник детей
Тематический подзаголовок Травмы
Системный номер авторитетной/нормативной записи 2304224
Идентификатор авторитетной/нормативной записи RU\NLR\AUTH\661379376
686 1# - ИНДЕКСЫ ДРУГИХ КЛАССИФИКАЦИЙ
Индекс Р733.638.75
686 1# - ИНДЕКСЫ ДРУГИХ КЛАССИФИКАЦИЙ
Индекс Р733.458.195.5
701 #1 - ИМЯ ЛИЦА - АЛЬТЕРНАТИВНАЯ ОТВЕТСТВЕННОСТЬ
Начальный элемент ввода Баиндурашвили
Часть имени, кроме начального элемента ввода А. Г.
Расширение инициалов личного имени Алексей Георгиевич
701 #1 - ИМЯ ЛИЦА - АЛЬТЕРНАТИВНАЯ ОТВЕТСТВЕННОСТЬ
Начальный элемент ввода Виссарионов
Часть имени, кроме начального элемента ввода С. В.
Расширение инициалов личного имени Сергей Валентинович
701 #1 - ИМЯ ЛИЦА - АЛЬТЕРНАТИВНАЯ ОТВЕТСТВЕННОСТЬ
Начальный элемент ввода Александрович
Часть имени, кроме начального элемента ввода Ю. С.
Расширение инициалов личного имени Юрий Станиславович
701 #1 - ИМЯ ЛИЦА - АЛЬТЕРНАТИВНАЯ ОТВЕТСТВЕННОСТЬ
Начальный элемент ввода Пшениснов
Часть имени, кроме начального элемента ввода К. В.
Расширение инициалов личного имени Константин Викторович
942 ## - ДОПОЛНИТЕЛЬНЫЕ ЭЛЕМЕНТЫ ЗАПИСИ (АБИС)
Тип экземпляра АБИС Книга
980 ## - КОЛЛЕКЦИЯ
Название коллекции НБР
980 ## - КОЛЛЕКЦИЯ
Название коллекции Национальная библиография
Экземпляры
Тип экземпляра Дата поступления Источник поступления Библиотека постоянного хранения Библиотека текущего хранения Место хранения Шифр хранения Штрих-код Статус экземпляра Стоимость
Книга 23.01.2017 Обязательный экземпляр РНБ (Московский) РНБ (Московский) Русский книжный фонд: издания с 1957 года 2017-6/108 1-1669588    
Книга 23.01.2017 Обязательный экземпляр РНБ (Московский) РНБ (Московский) Русский книжный фонд: издания с 1957 года 2017-6/108 1-1669589    
Книга 26.01.2017   РНБ (Московский) РНБ (Московский) Зал технической, медицинской и естественнонаучной литературы   ERR-90262   0.00
Книга 26.01.2017   РНБ (Садовая) РНБ (Садовая) Универсальный читальный зал   ERR-90211   0.00